|
|
|
|
| LEADER |
01426nam a22003614a 4500 |
| 001 |
95593 |
| 003 |
BD-DhAAL |
| 005 |
20211130160259.0 |
| 008 |
191117r19982002enk b 001 0 eng |
| 999 |
|
|
|c 41838
|d 41838
|
| 010 |
|
|
|a 2003538530
|
| 020 |
|
|
|a 9780826479105
|
| 020 |
|
|
|a 0826460445
|
| 040 |
|
|
|a DLC
|c DLC
|d DLC
|d BD-DhAAL
|
| 042 |
|
|
|a pcc
|
| 043 |
|
|
|a d------
|
| 050 |
0 |
0 |
|a LC2607
|b .H37 2002
|
| 082 |
|
|
|2 22
|a 371.2
|
| 100 |
1 |
|
|a Harber, Clive.
|9 37222
|
| 245 |
1 |
0 |
|a School management and effectiveness in developing countries :
|b the post bureaucratic school /
|c Clive Harber and Lynn Davies.
|
| 260 |
|
|
|a London ;
|a New York :
|b Continuum,
|c 1998 [Reprinted 2002]
|
| 300 |
|
|
|a vii, 189 pages ;
|c 24 cm.
|
| 504 |
|
|
|a Includes bibliographical references (pages 173-183) and indexes.
|
| 526 |
|
|
|a BIED
|
| 541 |
|
|
|a Complimentary copy from BIED
|e 35593
|
| 650 |
|
0 |
|a School management and organization
|z Developing countries.
|9 37223
|
| 650 |
|
0 |
|a Educational planning
|9 37224
|
| 650 |
|
0 |
|a Education
|x Evaluation
|x Social science
|9 37225
|
| 700 |
1 |
|
|a Davies, Lynn.
|9 37226
|
| 830 |
|
|
|a School development series
|9 37227
|
| 852 |
|
|
|a Ayesha Abed Library
|c BIED Collection
|
| 942 |
|
|
|2 ddc
|c BK
|
| 952 |
|
|
|0 0
|1 0
|2 ddc
|4 0
|6 371_200000000000000_HAR
|7 0
|9 67176
|a BRACUL
|b BRACUL
|c GEN
|d 2019-11-17
|e Complimentary copy from BIED
|l 0
|o 371.2 HAR
|p 3010035593
|r 2019-11-17
|t 1
|w 2019-11-17
|y BK
|x Transferred from BIED to General Stacks
|